[Event "Lichtenrader Herbst 2007"]
[Site "?"]
[Date "2007.10.21"]
[Round "8.3"]
[White "Battaglini, Gabriel"]
[Black "Lagunow, Alexander"]
[Result "0-1"]
[WhiteElo "2295"]
[BlackElo "2438"]
[PlyCount "97"]
[EventDate "2007.??.??"]

1. d4 Nf6 2. c4 g6 3. Nc3 Bg7 4. e4 d6 5. f3 O-O 6. Be3 e5 7. d5 c6 8. Qd2 cxd5
9. cxd5 a6 10. Bd3 Nbd7 11. Nge2 b5 12. b4 Nb6 13. a4 Nc4 14. Bxc4 bxc4 15. Qa2
Qc7 16. b5 Nd7 17. O-O a5 18. b6 Nxb6 19. Rfb1 Rb8 20. Nb5 Qd7 21. Na3 Qc7 22.
Nb5 Qd7 23. Nbc3 Qd8 24. Rb2 Ba6 25. Rab1 Nd7 26. Rxb8 Nxb8 27. Nb5 f5 28. Qxc4
fxe4 29. fxe4 Qh4 30. Ng3 Bh6 31. Bxh6 Qxh6 32. Qc1 Qxc1+ 33. Rxc1 Bxb5 34.
axb5 Nd7 35. Rc6 Rb8 36. Rxd6 Nc5 37. Rc6 Rxb5 38. Rc7 h5 39. d6 Kf8 40. Nf1
Nb7 41. Rc6 Ke8 42. d7+ Kxd7 43. Rxg6 a4 44. Ra6 Na5 45. Ra7+ Kc8 46. Ne3 a3
47. Kf2 a2 48. Nc2 Kb8 49. Ra8+ 0-1

[Event "Lichtenrader Herbst 2007"]
[Site "?"]
[Date "2007.10.21"]
[Round "8.4"]
[White "Lüders, Gerhard"]
[Black "Figura, Atila Gajo"]
[Result "1/2-1/2"]
[WhiteElo "2282"]
[BlackElo "2413"]
[PlyCount "160"]
[EventDate "2007.??.??"]

1. d4 Nf6 2. c4 g6 3. Nf3 Bg7 4. Nc3 d5 5. Qb3 dxc4 6. Qxc4 O-O 7. e4 a6 8. Bf4
b5 9. Qxc7 Qxc7 10. Bxc7 Bb7 11. e5 Nd5 12. Nxd5 Bxd5 13. Be2 Rc8 14. Ba5 Nc6
15. Bb6 Rab8 16. Bc5 Nxe5 17. Nxe5 Bxe5 18. O-O Bf6 19. b4 Rd8 20. a4 Bc6 21.
axb5 Bxb5 22. Bxb5 axb5 23. Rfd1 Rd5 24. Kf1 h5 25. Ke2 e5 26. Ra6 Bg7 27. Rd6
Rd8 28. Rxd8+ Rxd8 29. dxe5 Rxd1 30. Kxd1 Bxe5 31. Ke2 f5 32. h3 Kf7 33. Kd3
Ke6 34. Be3 Bd6 35. Bd2 Kd5 36. g3 Be7 37. f3 Bd6 38. g4 fxg4 39. fxg4 hxg4 40.
hxg4 Ke5 41. Ke3 Be7 42. Bc3+ Kd5 43. Kd3 Bf8 44. Be1 Bd6 45. Bc3 Be7 46. Be1
Bd6 47. Bd2 Bg3 48. Bc3 Bh4 49. Bg7 Be1 50. Bf8 Ke5 51. Ke3 Bh4 52. Bg7+ Kd5
53. Kd3 Be7 54. Bc3 Bf8 55. Be1 Bg7 56. Bd2 Bb2 57. Bh6 Bf6 58. Bd2 Be7 59. Be1
Bf8 60. Bc3 Bh6 61. Bf6 Bf4 62. Bc3 Be5 63. Be1 Bd4 64. Bg3 Bb2 65. Bf2 Bc1 66.
Bh4 Bf4 67. Be1 Bh2 68. Bc3 Bg3 69. Bg7 Bh4 70. Bc3 Bf2 71. Bg7 Be1 72. Bf8 Bg3
73. Bg7 Be5 74. Bh6 Bf6 75. Bd2 Be7 76. Bc3 Bf8 77. Be1 Bg7 78. Bf2 Bf6 79. Be1
Bh8 80. Bd2 Ba1 1/2-1/2

[Event "Lichtenrader Herbst 2007"]
[Site "?"]
[Date "2007.10.21"]
[Round "8.5"]
[White "Giemsa, Stephan"]
[Black "Prudlo, Simon"]
[Result "1-0"]
[WhiteElo "2284"]
[BlackElo "2245"]
[PlyCount "61"]
[EventDate "2007.??.??"]

1. d4 Nf6 2. c4 g6 3. Nc3 Bg7 4. e4 d6 5. Bd3 O-O 6. Nge2 e5 7. d5 c6 8. O-O
Nbd7 9. Bc2 cxd5 10. cxd5 a6 11. f3 b5 12. Be3 Nb6 13. b3 Bd7 14. Qd2 b4 15.
Nd1 a5 16. Nb2 Nh5 17. a3 bxa3 18. Rxa3 Nf4 19. g3 Nh3+ 20. Kg2 f5 21. Bxb6
Qxb6 22. Nc4 Qd8 23. exf5 Ng5 24. h4 Nxf3 25. Rxf3 gxf5 26. Rxa5 e4 27. Rf1 Be5
28. Rxa8 Qxa8 29. Nxe5 dxe5 30. Qg5+ Kh8 31. Qe7 1-0

[Event "Lichtenrader Herbst 2007"]
[Site "?"]
[Date "2007.10.21"]
[Round "8.6"]
[White "Hein, Carsten"]
[Black "Radovanovic, Jovica"]
[Result "0-1"]
[WhiteElo "2133"]
[BlackElo "2355"]
[PlyCount "118"]
[EventDate "2007.??.??"]

1. Nf3 Nf6 2. g3 d5 3. Bg2 c6 4. b3 Bf5 5. Bb2 Nbd7 6. d3 e6 7. Nbd2 h6 8. O-O
Bc5 9. d4 Bd6 10. c4 O-O 11. a4 a5 12. Ba3 Bxa3 13. Rxa3 Qe7 14. Ra2 Rfd8 15.
Qc1 Nb8 16. Qc3 Na6 17. Rb2 Nb4 18. Rc1 Rac8 19. c5 Nd7 20. Ne1 e5 21. dxe5
Nxe5 22. Ndf3 Nxf3+ 23. Nxf3 Re8 24. Nd4 Bg6 25. Bh3 Rcd8 26. Qd2 Qf6 27. Rc3
Re4 28. e3 Re7 29. Qd1 Be4 30. Rd2 Rde8 31. Qg4 Re5 32. Qd7 R5e7 33. Qg4 g5 34.
Qh5 Kg7 35. Bf1 Bg6 36. Qf3 Qe5 37. Bh3 Be4 38. Qh5 Qf6 39. Bg2 Bg6 40. Qf3
Qxf3 41. Bxf3 f5 42. h4 gxh4 43. gxh4 f4 44. exf4 Kf6 45. Kh2 Re1 46. f5 Bxf5
47. Bh5 R8e4 48. Nf3 R1e2 49. Kg3 Rxd2 50. Nxd2 Rd4 51. Nf3 Rd3 52. Rxd3 Nxd3
53. Nd4 Nxc5 54. Bd1 Ne4+ 55. Kf4 Bg6 56. h5 Bf7 57. f3 Nc3 58. Bc2 Bxh5 59.
Bd3 c5 0-1

[Event "Lichtenrader Herbst 2007"]
[Site "?"]
[Date "2007.10.21"]
[Round "8.7"]
[White "Benninger, Rudolf"]
[Black "Rahls, Peter"]
[Result "0-1"]
[WhiteElo "2130"]
[BlackElo "2258"]
[PlyCount "78"]
[EventDate "2007.??.??"]

1. e4 c5 2. c3 e6 3. d4 d5 4. e5 Nc6 5. Nf3 Nge7 6. a3 cxd4 7. cxd4 Nf5 8. b4
Be7 9. Bb2 Bd7 10. Nc3 h5 11. Bd3 g6 12. O-O a5 13. b5 Na7 14. a4 Nc8 15. Qe2
Nb6 16. Rfc1 g5 17. Bxf5 exf5 18. e6 Bxe6 19. Ne5 Rh6 20. Ba3 Bxa3 21. Rxa3 Rc8
22. Raa1 Kf8 23. Nd1 Nc4 24. Ne3 Nxe5 25. dxe5 d4 26. Rd1 Qb6 27. Nc2 Bb3 28.
Rd2 Bxc2 29. Rxc2 Rd8 30. Rd1 Qe6 31. Rcd2 Rd5 32. Rxd4 Qxe5 33. Qxe5 Rxe5 34.
f4 gxf4 35. Rxf4 Rhe6 36. Rh4 Rh6 37. Rdd4 Ke7 38. Kf2 Kf6 39. Kf3 Kg5 0-1

[Event "Lichtenrader Herbst 2007"]
[Site "?"]
[Date "2007.10.21"]
[Round "8.8"]
[White "von Wantoch Rekowski, Danij"]
[Black "Dünzel, Jonas"]
[Result "1-0"]
[WhiteElo "2242"]
[BlackElo "1902"]
[PlyCount "115"]
[EventDate "2007.??.??"]

1. Nf3 Nf6 2. g3 g6 3. b3 Bg7 4. Bb2 O-O 5. Bg2 d5 6. O-O b6 7. d4 Bb7 8. Nbd2
Nbd7 9. c4 e6 10. cxd5 exd5 11. b4 Re8 12. e3 c6 13. a4 a5 14. b5 c5 15. dxc5
bxc5 16. Nb3 Qb6 17. Rc1 Ne4 18. Bxg7 Kxg7 19. Nfd2 Nxd2 20. Qxd2 c4 21. Nd4
Nf6 22. Ne2 Ne4 23. Qb2+ Kg8 24. Nc3 Qc5 25. Rfd1 Red8 26. Rd4 Nf6 27. Rcd1 Rd7
28. Qc2 Rad8 29. R1d2 Kg7 30. Qd1 Qb4 31. Qc2 Qc5 32. Bh3 Rd6 33. Bg2 R6d7 34.
g4 h6 35. h4 h5 36. g5 Ng4 37. e4 Qc7 38. Rxd5 Bxd5 39. Nxd5 Rxd5 40. Rxd5 Qh2+
41. Kf1 Rxd5 42. exd5 Qf4 43. Qc3+ Kh7 44. Bf3 Ne5 45. Ke2 Nd3 46. Qf6 Qc1 47.
Qxf7+ Kh8 48. Qf8+ Kh7 49. Qh6+ Kg8 50. Qxg6+ Kh8 51. Qxh5+ Kg8 52. Qg6+ Kh8
53. Qf6+ Kg8 54. Bg4 Qe1+ 55. Kf3 Qxf2+ 56. Ke4 Nc5+ 57. Ke5 Qb2+ 58. Kd6 1-0

[Event "Lichtenrader Herbst 2007"]
[Site "?"]
[Date "2007.10.21"]
[Round "8.9"]
[White "Spieß, Gregor"]
[Black "Meißner, Hans-Jürgen"]
[Result "1-0"]
[WhiteElo "2075"]
[BlackElo "2221"]
[PlyCount "66"]
[EventDate "2007.??.??"]

1. d4 Nf6 2. Bf4 d6 3. e3 g6 4. Nf3 Bg7 5. h3 c5 6. c3 Nbd7 7. Be2 b6 8. a4 a6
9. O-O Bb7 10. Nbd2 O-O 11. Qb1 cxd4 12. cxd4 Nd5 13. Bh2 Bh6 14. Rc1 Rc8 15.
Qd3 N7f6 16. Qa3 Qd7 17. Kh1 Rxc1+ 18. Rxc1 Rc8 19. b3 Rc7 20. Qb2 Qc8 21. Rxc7
Qxc7 22. Ne1 Qc3 23. Qxc3 Nxc3 24. Bd3 Nd1 25. Bg1 Nd5 26. Nc2 f5 27. Kh2 Kf8
28. g4 e6 29. f4 Ke7 30. Be2 N1c3 31. Bf3 Kd7 32. Kg3 Kc7 33. Bf2 Ne7 1-0

[Event "Lichtenrader Herbst 2007"]
[Site "?"]
[Date "2007.10.21"]
[Round "8.10"]
[White "Gebigke, Martin"]
[Black "Issel, Oliver"]
[Result "1-0"]
[WhiteElo "2181"]
[BlackElo "2113"]
[PlyCount "65"]
[EventDate "2007.??.??"]

1. d4 e6 2. e4 d5 3. Nd2 g6 4. Ngf3 Ne7 5. Bd3 Bg7 6. h4 h5 7. c3 Nd7 8. Qe2 c5
9. O-O Bh6 10. Re1 O-O 11. Ng5 Bxg5 12. hxg5 e5 13. Nf3 cxd4 14. cxd4 exd4 15.
e5 Nc5 16. Nxd4 Nxd3 17. Qxd3 Be6 18. Bd2 Kg7 19. Bc3 Qd7 20. Re3 Nf5 21. Rf3
Nxd4 22. Qxd4 Rfc8 23. Rd1 Qe7 24. Rf6 Rc4 25. Qd3 Rac8 26. Bd4 b6 27. a3 Qc7
28. Kh2 Rc1 29. Rd2 Rc2 30. Bc3 Rxd2 31. Qxd2 Qd7 32. Rf4 Rc4 33. Rxc4 1-0

[Event "Lichtenrader Herbst 2007"]
[Site "?"]
[Date "2007.10.21"]
[Round "8.11"]
[White "Zschäbitz, Klaus"]
[Black "Maahs, Erich"]
[Result "0-1"]
[WhiteElo "2101"]
[BlackElo "2152"]
[PlyCount "124"]
[EventDate "2007.??.??"]

1. d4 d5 2. Bf4 Bf5 3. e3 e6 4. Nf3 Bd6 5. Bg3 Nf6 6. Nbd2 O-O 7. Ne5 Nbd7 8.
c4 Nxe5 9. Bxe5 Ng4 10. Nf3 Be4 11. Bd3 Bxf3 12. Qxf3 Nxe5 13. dxe5 Bxe5 14.
Bxh7+ Kxh7 15. Qh5+ Kg8 16. Qxe5 dxc4 17. Rd1 Qf6 18. Qxf6 gxf6 19. Rd7 Rac8
20. Ke2 Rfd8 21. Rhd1 Rxd7 22. Rxd7 b5 23. Kd2 a5 24. Kc2 a4 25. a3 Kf8 26. Kc3
Ke8 27. Rd1 Rd8 28. Rh1 Ke7 29. g4 f5 30. gxf5 exf5 31. h4 Rd3+ 32. Kc2 Rd6 33.
h5 Rh6 34. Rh4 c5 35. Kd2 Kf6 36. f4 Ke6 37. Ke2 Kd5 38. Kf3 b4 39. Ke2 c3 40.
bxc3 bxa3 41. Kd3 c4+ 42. Kc2 Rb6 43. h6 a2 44. Rh1 Rxh6 45. Rd1+ Kc5 46. Kb2
Rh2+ 47. Ka1 Rc2 48. Rd7 Rxc3 49. Rxf7 Rxe3 50. Rxf5+ Kb4 51. Kxa2 Re2+ 52. Kb1
a3 53. Rf8 Rb2+ 54. Ka1 c3 55. Rh8 Rf2 56. Rb8+ Kc4 57. Rc8+ Kd4 58. Rd8+ Ke4
59. Re8+ Kxf4 60. Re1 c2 61. Rc1 Ke3 62. Re1+ Re2 0-1

[Event "Lichtenrader Herbst 2007"]
[Site "?"]
[Date "2007.10.21"]
[Round "8.12"]
[White "Grassi, Fabrizio"]
[Black "Welz, Peter"]
[Result "1/2-1/2"]
[WhiteElo "1912"]
[BlackElo "2139"]
[PlyCount "49"]
[EventDate "2007.??.??"]

1. d4 f5 2. Nf3 Nf6 3. Bf4 g6 4. e3 Bg7 5. Bc4 d5 6. Bd3 O-O 7. Nbd2 Nbd7 8.
Ng5 Nb6 9. h4 Nh5 10. c3 Nxf4 11. exf4 Qd6 12. g3 c5 13. dxc5 Qxc5 14. h5 Nc4
15. hxg6 hxg6 16. Bxc4 dxc4 17. Qe2 e5 18. fxe5 Bxe5 19. f4 Bg7 20. O-O-O Bd7
21. Qh2 Rf6 22. Qe2 Ba4 23. Rde1 Re8 24. Qxc4+ Qxc4 25. Nxc4 1/2-1/2

[Event "Lichtenrader Herbst 2007"]
[Site "?"]
[Date "2007.10.21"]
[Round "8.13"]
[White "Behrmann, Joachim"]
[Black "Poseck, Steffen"]
[Result "1-0"]
[WhiteElo "2212"]
[BlackElo "2064"]
[PlyCount "57"]
[EventDate "2007.??.??"]

1. d4 Nf6 2. c4 e6 3. Nc3 d5 4. Bg5 Be7 5. e3 O-O 6. Nf3 Ne4 7. Bf4 Nxc3 8.
bxc3 c5 9. Bd3 cxd4 10. exd4 dxc4 11. Bxc4 Nd7 12. O-O Nb6 13. Bd3 Nd5 14. Bd2
Qc7 15. Rc1 Nf4 16. Be4 f5 17. Bc2 Bd6 18. Bb3 Rf6 19. g3 Nd3 20. Rc2 Rg6 21.
Qe2 f4 22. Qxd3 fxg3 23. fxg3 Bxg3 24. Kh1 Bd7 25. Ng5 Bxh2 26. Nxh7 Bc6+ 27.
d5 exd5 28. Qxg6 Kh8 29. Nf6 1-0

[Event "Lichtenrader Herbst 2007"]
[Site "?"]
[Date "2007.10.21"]
[Round "8.14"]
[White "Schlüter, Bernd"]
[Black "Anibar, Ahmed"]
[Result "0-1"]
[WhiteElo "2083"]
[BlackElo "2195"]
[PlyCount "56"]
[EventDate "2007.??.??"]

1. d4 d5 2. Nf3 c6 3. c4 Nf6 4. Nc3 dxc4 5. e4 b5 6. e5 Nd5 7. a4 a6 8. axb5
Nxc3 9. bxc3 cxb5 10. Ba3 e6 11. Bxf8 Kxf8 12. Be2 Bb7 13. O-O Nd7 14. Nd2 Nb6
15. Bf3 Bd5 16. Ne4 Bxe4 17. Bxe4 Nd5 18. Qd2 h5 19. Bxd5 Qxd5 20. Ra5 g6 21.
Rfa1 Kg7 22. h4 Rhd8 23. Qf4 Qb7 24. f3 b4 25. cxb4 c3 26. R1a4 Rdc8 27. Rc5
Rxc5 28. bxc5 c2 0-1

[Event "Lichtenrader Herbst 2007"]
[Site "?"]
[Date "2007.10.21"]
[Round "8.15"]
[White "Hohn, August"]
[Black "Heuer, Thomas"]
[Result "1/2-1/2"]
[WhiteElo "2090"]
[BlackElo "2188"]
[PlyCount "35"]
[EventDate "2007.??.??"]

1. Nf3 d5 2. d4 Nf6 3. c4 e6 4. g3 c5 5. cxd5 exd5 6. Bg2 Nc6 7. O-O Be7 8. Nc3
O-O 9. e3 Bg4 10. dxc5 Bxc5 11. h3 Be6 12. Ne2 a5 13. Ned4 a4 14. Qd3 h6 15.
Bd2 Qb6 16. Bc3 Ne4 17. Rab1 Rfc8 18. Rfd1 1/2-1/2

[Event "Lichtenrader Herbst 2007"]
[Site "?"]
[Date "2007.10.21"]
[Round "8.16"]
[White "Günther, Thomas"]
[Black "Richter, Götz"]
[Result "0-1"]
[WhiteElo "2164"]
[BlackElo "2049"]
[PlyCount "139"]
[EventDate "2007.??.??"]

1. Nf3 c5 2. c4 Nf6 3. Nc3 b6 4. e4 Bb7 5. d3 g6 6. g3 Bg7 7. Bg2 O-O 8. O-O d6
9. Nh4 Nc6 10. f4 Qd7 11. h3 e6 12. g4 Nd4 13. Be3 Ne8 14. Qd2 f5 15. exf5 gxf5
16. g5 Rb8 17. Rae1 Nc7 18. Kh2 Bxg2 19. Qxg2 b5 20. Rc1 b4 21. Ne2 Nxe2 22.
Qxe2 Rbe8 23. Qf2 e5 24. Rce1 e4 25. d4 d5 26. Rc1 cxd4 27. Bxd4 Rd8 28. Rfd1
Bxd4 29. Rxd4 Ne6 30. Rxd5 Qc7 31. Re5 Nd4 32. Qe3 Rd7 33. Rd5 Rfd8 34. Rxd7
Qxd7 35. Kh1 Nc6 36. Qe2 Ne7 37. Ng2 Qd2 38. Rc2 Qd6 39. Kh2 Ng6 40. Kg3 Qc5
41. Rd2 Rxd2 42. Qxd2 Qxc4 43. h4 Qxa2 44. h5 Qb3+ 45. Kh2 Ne7 46. Qd8+ Kf7 47.
Qh8 Ke6 48. g6 hxg6 49. hxg6 Kd7 50. Qd4+ Ke8 51. Ne3 Nxg6 52. Nxf5 Qc2+ 53.
Kh1 Qc1+ 54. Kh2 Qxf4+ 55. Ng3 Qh4+ 56. Kg2 Nf4+ 57. Kf2 Qh2+ 58. Ke3 Qxg3+ 59.
Kxe4 Ng6 60. Qxa7 Qh4+ 61. Kf3 Qh8 62. Qb8+ Kf7 63. Qc7+ Ne7 64. Qc4+ Kf6 65.
Qa6+ Ke5 66. Qe2+ Kd6 67. Qa6+ Nc6 68. Qd3+ Qd4 69. Qe3 Kc5 70. Qe2 0-1

[Event "Lichtenrader Herbst 2007"]
[Site "?"]
[Date "2007.10.21"]
[Round "8.17"]
[White "Cusnariov, Nicolai"]
[Black "Glantz, Robert"]
[Result "0-1"]
[WhiteElo "2158"]
[BlackElo "2018"]
[PlyCount "138"]
[EventDate "2007.??.??"]

1. e4 c5 2. Nc3 d6 3. d3 g6 4. g3 Bg7 5. Bg2 Nc6 6. Be3 e5 7. Qd2 Nge7 8. Bh6
O-O 9. h4 Bxh6 10. Qxh6 f6 11. Nh3 Nd4 12. Qd2 Bg4 13. Ng1 Rc8 14. f3 Be6 15.
Nce2 d5 16. Nxd4 cxd4 17. Bh3 Qb6 18. Bxe6+ Qxe6 19. Nh3 Rc7 20. Rh2 Rfc8 21.
Ng1 dxe4 22. dxe4 Qb6 23. O-O-O Nc6 24. a3 Na5 25. Kb1 Nc4 26. Qb4 Qa6 27. Ka2
Ne3 28. Rc1 Rc6 29. h5 Rb6 30. Qe7 Re6 31. Qb4 Rc4 32. Qb3 g5 33. f4 b5 34.
fxe5 fxe5 35. Nf3 h6 36. Nd2 Ra4 37. Rf2 Kg7 38. Nf1 Nc4 39. Qf3 Rf6 40. Qxf6+
Qxf6 41. Rxf6 Kxf6 42. g4 Ra6 43. Kb3 Kf7 44. Kb4 Nxb2 45. Kxb5 Rxa3 46. Nd2
Rc3 47. Ra1 Rc7 48. Nf3 Nc4 49. Ra6 Kg7 50. Rg6+ Kh7 51. Re6 Na3+ 52. Ka4 Nxc2
53. Nxe5 Ne3 54. Kb5 d3 55. Nxd3 Nxg4 56. e5 Kg7 57. Rg6+ Kf7 58. Nc5 Nxe5 59.
Rxh6 Re7 60. Ne4 g4 61. Nd6+ Kg8 62. Nf5 Rf7 63. Nd6 Rg7 64. Re6 g3 65. Rxe5 g2
66. h6 g1=Q 67. Re8+ Kh7 68. hxg7 Kxg7 69. Rb8 Qb1+ 0-1

[Event "Lichtenrader Herbst 2007"]
[Site "?"]
[Date "2007.10.21"]
[Round "8.18"]
[White "Hoppensack, Manfred"]
[Black "Schalla, Dieter"]
[Result "1/2-1/2"]
[WhiteElo "2062"]
[BlackElo "2154"]
[PlyCount "51"]
[EventDate "2007.??.??"]

1. e4 g6 2. d4 c6 3. Nf3 d5 4. Nbd2 Bg7 5. c3 dxe4 6. Nxe4 Nd7 7. Qb3 Qb6 8.
Bc4 Qxb3 9. Bxb3 Ngf6 10. Nxf6+ Nxf6 11. O-O O-O 12. Re1 e6 13. Ne5 Nd7 14. Nc4
c5 15. dxc5 Nxc5 16. Bc2 b6 17. Nd6 Ba6 18. Bg5 f6 19. Be3 Nd3 20. Bxd3 Bxd3
21. Rad1 Ba6 22. f3 Rfd8 23. Ne4 Kf7 24. f4 Ke7 25. Nf2 Bf8 26. Ne4 1/2-1/2

[Event "Lichtenrader Herbst 2007"]
[Site "?"]
[Date "2007.10.21"]
[Round "8.19"]
[White "Poppner, Dietmar"]
[Black "Müller, Peter"]
[Result "1/2-1/2"]
[WhiteElo "2112"]
[BlackElo "2003"]
[PlyCount "192"]
[EventDate "2007.??.??"]

1. e4 e5 2. Nf3 Nc6 3. d4 exd4 4. Nxd4 Bc5 5. Nxc6 Qf6 6. Qf3 bxc6 7. Nc3 Qxf3
8. gxf3 Rb8 9. Na4 Be7 10. Be3 Nf6 11. Rg1 O-O 12. b3 a5 13. Bd3 Ne8 14. Bd2
Bf6 15. O-O-O Ra8 16. f4 d6 17. f5 Bd7 18. f4 Bd4 19. Rg3 c5 20. c3 Bf6 21. Bc4
Bc6 22. Bd5 Bxd5 23. exd5 g6 24. fxg6 fxg6 25. c4 Ng7 26. Rf3 Nf5 27. Re1 Nd4
28. Rff1 Kf7 29. Nc3 Rfe8 30. Ne4 a4 31. Ng5+ Bxg5 32. fxg5+ Nf5 33. Rxe8 Kxe8
34. b4 cxb4 35. Bxb4 Kd7 36. Re1 a3 37. Kc2 Nd4+ 38. Kc3 Nf3 39. Rf1 Nxg5 40.
Kb3 Re8 41. h4 Re3+ 42. Ka4 Rf3 43. Re1 Nf7 44. Re4 Ne5 45. Bxa3 Nd3 46. Bb4 h6
47. Kb5 Rf8 48. a3 g5 49. hxg5 hxg5 50. Rg4 Rf5 51. Rd4 Ne5 52. Ka6 g4 53. c5
dxc5 54. Bxc5 g3 55. Kb7 g2 56. Rh4 Rf1 57. Rh7+ Nf7 58. Rg7 Rb1+ 59. Ka6 g1=Q
60. Bxg1 Ke7 61. Bc5+ Kf6 62. Bd4+ Ke7 63. Bc5+ Kf6 64. Bd4+ Ke7 65. Rg6 Nd6
66. Bc5 Rd1 67. Rg7+ Kd8 68. Rg8+ Kd7 69. Rg7+ Kc8 70. Bxd6 cxd6 71. Rg5 Rd4
72. Rg3 Rd1 73. Rg8+ Kc7 74. Rg7+ Kc8 75. Kb6 Rxd5 76. a4 Rd1 77. Rg8+ Kd7 78.
a5 Rb1+ 79. Ka7 d5 80. Rg6 d4 81. Rb6 Ra1 82. a6 Rc1 83. Rb4 Rc7+ 84. Kb6 Rc6+
85. Kb5 Rc7 86. Rxd4+ Kc8 87. Kb6 Rc1 88. Rd6 Rb1+ 89. Ka7 Kc7 90. Rg6 Ra1 91.
Rg7+ Kc6 92. Rb7 Ra2 93. Rb1 Rc2 94. Kb8 Rd2 95. Ka8 Kc7 96. a7 Rc2 1/2-1/2

[Event "Lichtenrader Herbst 2007"]
[Site "?"]
[Date "2007.10.21"]
[Round "8.20"]
[White "Strehlow, Horst"]
[Black "Sawlin, Leonid"]
[Result "1-0"]
[WhiteElo "2111"]
[BlackElo "1306"]
[PlyCount "47"]
[EventDate "2007.??.??"]

1. e4 d6 2. d4 Nf6 3. Nc3 g6 4. f4 Bg7 5. Nf3 c5 6. dxc5 Qa5 7. Bd3 Qxc5 8. Qe2
Nc6 9. Be3 Qb4 10. Bd2 Qxb2 11. Rb1 Qa3 12. Nb5 Qxa2 13. O-O Kd8 14. Rb3 a6 15.
Ra3 Qe6 16. Ng5 Qd7 17. Nxf7+ Ke8 18. Nxh8 Bxh8 19. e5 dxe5 20. fxe5 Nd4 21.
Nxd4 Qxd4+ 22. Kh1 Nd7 23. e6 Nc5 24. Bc3 1-0